000 00478nam a2200181Ia 4500
001 18033
005 20260306171601.0
008 260306s9999||||xx |||||||||||||| ||und||
041 _aESP
082 _a658.321
_bI59A
100 _aInfantes Cárdenas, Gisela Margot
_eAUT
245 0 _aT-registro y PDT planilla electrónica - Plame:
_bCasos prácticos
260 _c2012
300 _a62 páginas :
_c24 cm.
650 _aGEN
654 _aCAN
942 _cLIB
_dJUS
_fJUS
_2ddc
_n
999 _c18033
_d18033